000 00722cam a2200217 4500
001 148
005 20181127160609.0
008 741022s1975 nyua b 001 0 eng
010 _a 74023954
020 _a0070651426
100 1 _aTremblay, Jean-Paul,
_d1938-
245 1 0 _aDiscrete mathematical structures with applications to computer science /
_cJ. P. Tremblay, R. Manohar.
260 _aNew Delhi :
_bTata McGraw-Hill,
_c1997
300 _axvi, 606 p. :
_bill. ;
_c24 cm.
490 0 _aMcGraw-Hill computer science series
504 _aIncludes bibliographies and index.
650 0 _aElectronic data processing.
650 0 _aMachine theory.
650 0 _aMathematics.
700 1 _aManohar, R.,
_d1925-
_ejoint author.
999 _c133
_d133